Statistiche per Quiz sul Malawi

Clicka qui per fare il quiz!

Statistiche generali

  • Questo quiz è stato fatto 216 volte
  • Il punteggio medio è 14 su 18

Statistiche sulle risposte

HintRisposta% Corretto
Zambia
97%
Paesi confinantiMozambico
96%
Tanzania
96%
Paese europeo che ha colonizzato il MalawiRegno Unito
95%
Il 9,2% degli adulti ha questa malattia, uno dei tassi più alti al mondoAIDS / HIV
91%
Attività in cui è occupato l'80% dei malawianiAgricoltura
86%
CapitaleLilongwe
85%
Oggetto raffigurato sulla bandieraSole
84%
In modo controverso il Malawi è stato l'unico paese africano da mantenere rapporti con questo paese vicino prima del 1994Sudafrica
84%
Il paese del Malawi condivide il suo nome con un importante ____Lago
80%
Religione più praticataCristianesimo
79%
Valle che attraversa il MalawiGreat {Rift} Valley
74%
Cantante pop americana che ha adottato due bambini del MalawiMadonna
70%
... che ospita più specie di ___ rispetto a qualsiasi altroPesci
70%
Il 39% delle esportazioni del Malawi è costituito da questa sostanza che crea dipendenzaTabacco
67%
Nome coloniale del MalawiNyasaland
51%
Lingua ufficiale oltre all'ingleseChewa
47%
Città più popolosaBlantyre
46%

Distribuzione punteggi

Percentile per numero di risposta

Percentuale di utenti per punteggio

I tuoi punteggi nel tempo

Non hai fatto questo quiz